000 00922cab a2200229 4500
001 WB3241-08
008 090401t1996 xxu||||| |||| 00| 0 eng d
035 _a(Sirsi) u39788
041 _aeng
245 _aCompulsory purchase - compensation
260 _c1996
350 _a0
490 _aEstates Gazette Case Summaries
_v[1996] EGCS 155 (26/10/96) (1)
520 _a"Owen and another v SoS Transport (No 3)" CA 14 October 1996. An appeal against the striking out of a claim under common law, for losses suffered as a result of the SoS`s refusal to acquire a house blighted by a road construction, is dismissed.
650 _aBLIGHT
650 _aCompulsory purchase
_96228
650 _aHIGHWAYS ACT 1980 S246
650 _aOWEN AND ANOTHER V SOS TRANSPORT
690 _aENVIRONMENTAL AND LAND CONSULTANCY-PLANNING AND DEVELOPMENT-COMPULSORY PURCHASE AND COMPENSATION
942 _n0
948 _c04/03/1997
999 _c25472
_d25472